El parque de papel. Iniciación I.

Saved in:
Bibliographic Details
Main Author: Castillo, María. Autora
Other Authors: Escribá, Viví. Ilustraciones SanJuán, Emilio. Autor
Format: Unknown
Language:Spanish
Published: Madrid S.M. 1984
Textbook Catalogue:MANES:  Library Catalog Search Result
Textbook Classification:
Tags: Add Tag
No Tags, Be the first to tag this record!
Added to:2016-04-26

MARC

LEADER 000000000a22000000004500
001 10575
003 OSt
008 160427s sp ||||| |||| 00| 0 spa d
040 |c centro_manes 
041 1 |a spa 
691 7 |a IN 
100 1 |a Castillo, María. Autora  |9 6004 
700 1 |a Escribá, Viví. Ilustraciones  |9 6005  |a SanJuán, Emilio. Autor  |9 6006 
245 0 0 |a El parque de papel. Iniciación I. 
260 3 |a Madrid  |b S.M.  |c 1984 
300 |a 95 p.  |c 25 x 19 cm 
500 |a Aprobado por el M.E.C., O.M. 20-3-1984.  |a EDAD:56 
942 |2 ddc  |c BK 
546 |a España 
999 |c 16549  |d 16549 
999 |c manes:16549  |d 16549